Normal view MARC view

Entry Nome pessoal

Number of records used in: 1

001 - NÚMERO DE CONTROLE

  • campo de controle: 156

003 - IDENTIFICADOR DO NÚMERO DE CONTROLE

  • campo de controle: Br

005 - DATA E HORÁRIO DA ÚLTIMA TRANSAÇÃO

  • campo de controle: 20250122160217.0

008 - CAMPO DE DADOS FIXOS

  • campo de controle de tamanho fixo: 991005|| acnnnaab| aaaa d

035 ## - NÚMERO DE CONTROLE DO SISTEMA

  • Número de Controle do Sistema: 99100516090154106

040 ## - FONTE DA CATALOGAÇÃO

  • Instituição da catalogação original: Br
  • Instituição que transcreveu o registro: Br

100 1# - CABEÇALHO--NOME PESSOAL

  • Nome pessoal: Bloch, Robert,
  • Datas associadas ao nome: 1917-1994

670 ## - FONTE POSITIVA DOS DADOS

  • Citação da fonte positiva dos dados: Autor de: Esse mundo superpovoado...c1972.

670 ## - FONTE POSITIVA DOS DADOS

  • Citação da fonte positiva dos dados: LC microf.
  • Dados encontrados na fonte localizada no subcampo: (AACR2)

670 ## - FONTE POSITIVA DOS DADOS

  • Citação da fonte positiva dos dados: http://pt.wikipedia.org/
  • Dados encontrados na fonte localizada no subcampo: (nasceu em Chicago, 5/04/1917 e faleceu em Los Angeles, 23/09/1994 ; foi um conceituado escritor norte-americano, mais conhecido pelo seu romance de horror Psicose)

670 ## - FONTE POSITIVA DOS DADOS

  • Citação da fonte positiva dos dados: http://es.wikipedia.org/
  • Dados encontrados na fonte localizada no subcampo: (nasceu em Chicago, de Illinois, 05 /04/1917 e faleceu em Los Angeles, 23/09/1994 ; foi um romancista, contista e roteirista Unidos da literatura de fantasia e ficção científica)

675 ## - FONTE NEGATIVA DOS DADOS

  • Citação da fonte positiva dos dados: Canadiana 86-87
  • Citação da fonte positiva dos dados: British 85-87
  • Citação da fonte positiva dos dados: British 88

Powered by Koha